00591nam a22001937a 450000500170000001000150001702000260003203500130005803500130007103700130008403700230009708200140012024501160013426000370025027000430028730000210033050000190035170000270037020130719111918.0 aENG-104490 a9788178358147c750.00 aEN-88023 aB-491420 bDBAD/PUB bLiteracy House/Ven a304.2095400aHuman freedom and environment :cedited by Indoo Pandey Khanduribcontemporary paradigms and moral strategies / aDelhibKalpaz Publicationsc2010 aC-30, Satyawati Nagar,b Delhie110052 a327p.c22cm (Hb) aIncludes index aKhanduri, Indoo Pandey